00445nam a2200169Ia 4500003000400000005001700004008004100021020001500062040000900077082001900086100002100105245006400126250001300190260004500203300001000248650001700258OSt20201007111206.0190216s9999||||xx |||||||||||||| ||und|| a8177222325 coclc a005.133bHOL/V aHolzner, Steven  0aVisual Basic .Net Programming Black Book /cSteven Holzner a13rd Ed. bCoriolis Dream Tech, c2005.aNew Delhi: a1144p aVisual Basic